000 01206nam a2200325 a 4500
001 000109587
003 CHAP
005 20220329144056.0
008 140513s2014 mx b |sm |||||||spa|d
010 _a106049
011 _a107021
040 _cCHAP
090 _aTesis
100 1 _aHernández Santos, Leovardo
_9127039
245 1 0 _aActualización del balance de aguas subterraneas del acuífero Chapingo, Estado de México
_h[En línea]
_cpor Leovardo Hernández Santos y Queilenin Ramos Zárate.
260 _aChapingo, Méx. :
_bEl autor,
_c2014.
500 _aPara ver el contenido del material haga clic en la liga
502 _aTesis (Ing. en Irrigación) -- UACH. Departamento de Irrigación
590 _aBATCH-UPD
_b10
_c20141002
_lUCH01
_h0903
590 _aE11695DGD
_b10
_c20140526
_lUCH01
_h0939
590 _aE792CSJ
_b05
_c20140513
_lUCH01
_h0858
590 _aE792CSJ
_b05
_c20140513
_lUCH01
_h0858
650 1 4 _aAgua subterránea
_zMéxico (Edo.)
_92488
650 1 4 _aConductividad hidráulica.
_926345
700 1 _aRamos Zárate, Queilenin
_9127040
856 _aFinding aid
_uhttp://10.13.5.2/tesis/sist109587.pdf
_zTeclea aquí
901 _aBK
942 _cTESIS
942 _n0
999 _c106049
_d106049